00613nam a2200169Ia 4500008004100000020001800041041000800059082001600067100001900083245012700102250000600229260003900235300001100274650000900285999001900294952013000313210716s2017 xx 000 0 und d a9781787122536 aeng a005.76 SHAR aShams, Rushdi. aJava data science cookbook: explore the power of MLlib DL4j Weka and more.bExplore the power of MLlib DL4j Weka and more. a1 aMumbaibPackt Publishing Ltdc2017 avi,354 aNone c196598d196598 001040708MCAaAIMITbAIMITeKnowledge Worldg999.00l0o005.76 SHARpMCA16113r2026-05-23 00:00:00v749.25w2021-07-16yBK